<?xml version="1.0" encoding="UTF-8"?><?xml-stylesheet type="text/xsl" href="static/style.xsl"?><OAI-PMH xmlns="http://www.openarchives.org/OAI/2.0/" xmlns:xsi="http://www.w3.org/2001/XMLSchema-instance" xsi:schemaLocation="http://www.openarchives.org/OAI/2.0/ http://www.openarchives.org/OAI/2.0/OAI-PMH.xsd"><responseDate>2026-06-03T07:12:17Z</responseDate><request verb="GetRecord" identifier="oai:riuma.uma.es:10630/11474" metadataPrefix="marc">https://riuma.uma.es/rest/oai/request</request><GetRecord><record><header><identifier>oai:riuma.uma.es:10630/11474</identifier><datestamp>2026-02-03T10:19:57Z</datestamp><setSpec>com_10630_1685</setSpec><setSpec>col_10630_38055</setSpec></header><metadata><record xmlns="http://www.loc.gov/MARC21/slim" xmlns:dcterms="http://purl.org/dc/terms/" xmlns:doc="http://www.lyncode.com/xoai" xmlns:xsi="http://www.w3.org/2001/XMLSchema-instance" xsi:schemaLocation="http://www.loc.gov/MARC21/slim http://www.loc.gov/standards/marcxml/schema/MARC21slim.xsd">
   <leader>00925njm 22002777a 4500</leader>
   <datafield ind2=" " ind1=" " tag="042">
      <subfield code="a">dc</subfield>
   </datafield>
   <datafield ind2=" " ind1=" " tag="720">
      <subfield code="a">Vázquez Burgos, Javier</subfield>
      <subfield code="e">author</subfield>
   </datafield>
   <datafield ind2=" " ind1=" " tag="260">
      <subfield code="c">2016-05-20</subfield>
   </datafield>
   <datafield ind2=" " ind1=" " tag="520">
      <subfield code="a">El objetivo del TFG es ejectuar y documentar el proceso de actualizaci on&#xd;
de un sistema software real de car acter empresarial, perteneciente a la empresa dedicada a&#xd;
las transacciones de divisas Foreign Exchange Solutions SL. El sistema est a implementado&#xd;
en Python 2.7 usando el framework de desarrollo r apido de aplicaciones web Django que,&#xd;
comenzando por su versi on 1.3.1, terminar a al  nal del proyecto en la versi on 1.4.10, lo que&#xd;
nos llevar a a tener que actualizar todas las librer  as relacionadas, adem as de mejorar la&#xd;
calidad del c odigo e incluso cambiar la estructura del proyecto, prestando adem as especial&#xd;
atenci on a la pruebas unitarias y de regresi on para comprobar el correcto funcionamiento&#xd;
del sistema a lo largo del desarrollo. Todo esto con el  n de conseguir las nuevas funcionalidades&#xd;
y caracter  sticas que una versi on m as nueva nos ofrece, adem as de mejorar&#xd;
la calidad de la aplicaci on -aumentar la reutilizaci on del c odigo y reducir futuros errores&#xd;
gracias a un c odigo m as sencillo y legible-, aumentar el rendimiento, y obtener una buena&#xd;
cobertura de pruebas. Usaremos adem as la metodolog  a  agil Scrum, el SGBD PostgreSQL,&#xd;
adem as de otras herramientas como Solr, ElasticSearch, Redis, Celery o Mercurial para&#xd;
el control de versiones.</subfield>
   </datafield>
   <datafield ind1="8" ind2=" " tag="024">
      <subfield code="a">http://hdl.handle.net/10630/11474</subfield>
   </datafield>
   <datafield tag="653" ind2=" " ind1=" ">
      <subfield code="a">Soporte lógico</subfield>
   </datafield>
   <datafield tag="653" ind2=" " ind1=" ">
      <subfield code="a">Grado en Ingeniería del Software - Trabajos Fin de Grado</subfield>
   </datafield>
   <datafield tag="653" ind2=" " ind1=" ">
      <subfield code="a">Informática - Trabajos Fin de Grado</subfield>
   </datafield>
   <datafield ind2="0" ind1="0" tag="245">
      <subfield code="a">Actualización del software asociado a un sistema empresarial real en Django</subfield>
   </datafield>
</record>
</metadata></record></GetRecord></OAI-PMH>